[Event "Venice Autumn op 25th"]
[Site "Venice S Leonardo"]
[Date "2018.11.04"]
[Round "4.3"]
[White "Belardinelli, Franco"]
[Black "Rorato, Renzo"]
[Result "1/2-1/2"]
[WhiteElo "1877"]
[BlackElo "1957"]
[PlyCount "95"]
[EventDate "2018.11.01"]
[EventType "swiss"]
[EventRounds "5"]
[EventCountry "ITA"]
[SourceTitle "EXT 2023"]
[Source "ChessBase"]
[SourceDate "2022.10.05"]
[SourceVersion "1"]
[SourceVersionDate "2022.10.05"]
[SourceQuality "1"]

1. e4 c5 2. Nf3 Nf6 3. Nc3 Nc6 4. Bb5 e5 5. 0-0 d6 6. d3 h6 7. a3 Be6 8. Ne2 a6 9. Ba4 b5 10. Bb3 Bxb3 11. cxb3 g6 12. Bd2 Bg7 13. Qc1 Rc8 14. Qe1 0-0 15. h3 Re8 16. Rc1 Qd7 17. Rc2 Bf8 18. Ng3 Qe6 19. b4 cxb4 20. Qc1 Nd4 21. Nxd4 exd4 22. Bxb4 Rxc2 23. Qxc2 Rc8 24. Qd2 Kh7 25. f4 d5 26. Bxf8 Rxf8 27. f5 Qe5 28. fxg6+ fxg6 29. Rf3 dxe4 30. dxe4 Re8 31. Qf2 Nxe4 32. Nxe4 Qxe4 33. Rf7+ Kg8 34. Rd7 Qe1+ 35. Qxe1 Rxe1+ 36. Kf2 Rb1 37. b4 Rb3 38. Rd6 Rxa3 39. Rxg6+ Kh7 40. Rd6 d3 41. Ke3 Rb3 42. Rxa6 Rxb4 43. Kxd3 Rb2 44. Rb6 Rxg2 45. Rxb5 Rg3+ 46. Ke4 Rxh3 47. Kf4 Rh1 48. Kg4 1/2-1/2

[Event "Nova Gorica op 22nd"]
[Site "Nova Gorica"]
[Date "2017.01.31"]
[Round "7"]
[White "Kejzar, Petra"]
[Black "Belardinelli, Franco"]
[Result "0-1"]
[WhiteElo "2050"]
[BlackElo "1863"]
[PlyCount "66"]
[EventDate "2017.01.27"]
[EventType "swiss"]
[EventRounds "9"]
[EventCountry "SLO"]
[SourceTitle "CBM 176 Extra"]
[Source "ChessBase"]
[SourceDate "2017.03.02"]
[SourceVersion "1"]
[SourceVersionDate "2017.03.02"]
[SourceQuality "1"]

1. e4 e5 2. Nf3 Nc6 3. Bb5 a6 4. Ba4 Nf6 5. d3 Be7 6. 0-0 0-0 7. Bxc6 dxc6 8. Nxe5 Bd6 9. Nf3 Bg4 10. h3 Bh5 11. Re1 Re8 12. g4 Nxg4 13. hxg4 Bxg4 14. Be3 Qf6 15. Nbd2 Rad8 16. Bg5 Qg6 17. Kf1 f6 18. Be3 f5 19. e5 Bxe5 20. c3 f4 21. d4 Bd6 22. Qb3+ Be6 23. c4 fxe3 24. fxe3 b5 25. Ke2 bxc4 26. Qc3 c5 27. Rg1 cxd4 28. Nxd4 Bg4+ 29. N4f3 Qd3+ 30. Kf2 h5 31. Qxc4+ Qxc4 32. Nxc4 Rf8 33. Ncd2 Bb4 0-1

[Event "Nova Gorica op 22nd"]
[Site "Nova Gorica"]
[Date "2017.01.30"]
[Round "6"]
[White "Jersic, Aleks"]
[Black "Belardinelli, Franco"]
[Result "0-1"]
[WhiteElo "1672"]
[BlackElo "1863"]
[PlyCount "52"]
[EventDate "2017.01.27"]
[EventType "swiss"]
[EventRounds "9"]
[EventCountry "SLO"]
[SourceTitle "CBM 176 Extra"]
[Source "ChessBase"]
[SourceDate "2017.03.02"]
[SourceVersion "1"]
[SourceVersionDate "2017.03.02"]
[SourceQuality "1"]

1. e4 c5 2. a3 Nc6 3. b4 e5 4. b5 Nd4 5. c3 Ne6 6. Nf3 d5 7. exd5 Qxd5 8. c4 Qe4+ 9. Be2 Nf4 10. Nc3 Nxg2+ 11. Kf1 Qg6 12. Nxe5 Qf5 13. Kxg2 Qxe5 14. Re1 Be6 15. Bf3 Qg5+ 16. Kh1 Bd6 17. Ne4 Qf4 18. Nxd6+ Qxd6 19. Bxb7 Rd8 20. Bb2 Nf6 21. Bxf6 gxf6 22. Bc6+ Ke7 23. Qa4 Qc7 24. Rad1 Rd4 25. Re2 Rg8 26. Rde1 Qxh2+ 0-1

[Event "Nova Gorica op 22nd"]
[Site "Nova Gorica"]
[Date "2017.01.27"]
[Round "1"]
[White "Belardinelli, Franco"]
[Black "Jelen, Igor"]
[Result "0-1"]
[WhiteElo "1863"]
[BlackElo "2391"]
[PlyCount "62"]
[EventDate "2017.01.27"]
[EventType "swiss"]
[EventRounds "9"]
[EventCountry "SLO"]
[SourceTitle "CBM 176 Extra"]
[Source "ChessBase"]
[SourceDate "2017.03.02"]
[SourceVersion "1"]
[SourceVersionDate "2017.03.02"]
[SourceQuality "1"]

1. e4 c5 2. Nf3 Nc6 3. c3 Nf6 4. e5 Nd5 5. d4 cxd4 6. cxd4 d6 7. Bc4 Nb6 8. Bxf7+ Kxf7 9. Ng5+ Kg8 10. e6 Qe8 11. d5 Nd8 12. Nc3 h6 13. Nf3 Qh5 14. Qd3 g6 15. g4 Qxg4 16. Rg1 Qh5 17. Rxg6+ Bg7 18. Be3 Rh7 19. Ke2 Nc4 20. Rag1 Ne5 21. Rxg7+ Rxg7 22. Rxg7+ Kxg7 23. Bd4 Bxe6 24. dxe6 Nxe6 25. Bxe5+ dxe5 26. Ke1 Rf8 27. Nd2 Qxh2 28. Nce4 Nd4 29. Nf1 Qf4 30. Ne3 Nf5 31. Nc4 Qc1+ 0-1

[Event "Chioggia op-B 11th"]
[Site "Chioggia"]
[Date "2016.10.08"]
[Round "2"]
[White "Guglielmi, Dante"]
[Black "Belardinelli, Franco"]
[Result "0-1"]
[WhiteElo "1780"]
[BlackElo "1858"]
[PlyCount "46"]
[EventDate "2016.10.07"]
[EventType "swiss"]
[EventRounds "5"]
[EventCountry "ITA"]
[SourceTitle "EXT 2022"]
[Source "ChessBase"]
[SourceDate "2021.10.06"]
[SourceVersion "1"]
[SourceVersionDate "2021.10.06"]
[SourceQuality "1"]

1. c4 e5 2. Nc3 Nf6 3. g3 d5 4. cxd5 Nxd5 5. Bg2 Be6 6. Nf3 Nc6 7. d3 f6 8. 0-0 Qd7 9. Re1 0-0-0 10. Bd2 h5 11. h4 Be7 12. Ne4 Rdg8 13. Qc1 Kb8 14. Nc5 Bxc5 15. Qxc5 Nde7 16. b4 Nf5 17. Rac1 g5 18. hxg5 h4 19. gxh4 Nxh4 20. Nxh4 Rxh4 21. Bxc6 Qxc6 22. Qxc6 bxc6 23. Rxc6 Bd5 0-1

[Event "Nova Gorica op-A 20th"]
[Site "Nova Gorica"]
[Date "2015.01.31"]
[Round "2"]
[White "Belardinelli, Franco"]
[Black "Papler, Peter"]
[Result "1-0"]
[WhiteElo "1877"]
[BlackElo "1613"]
[PlyCount "75"]
[EventDate "2015.01.30"]
[EventType "swiss"]
[EventRounds "9"]
[EventCountry "SLO"]
[SourceTitle "CBM 164 Extra"]
[Source "ChessBase"]
[SourceDate "2015.03.02"]
[SourceVersion "1"]
[SourceVersionDate "2015.03.02"]
[SourceQuality "1"]

1. e4 d6 2. d4 g6 3. Bc4 Bg7 4. Be3 Nf6 5. f3 0-0 6. Nc3 h6 7. Qd2 Kh7 8. 0-0-0 e6 9. g4 Ng8 10. f4 c6 11. Nf3 b5 12. Bd3 Nd7 13. h4 Nb6 14. h5 Nc4 15. hxg6+ fxg6 16. Bxc4 bxc4 17. f5 exf5 18. gxf5 gxf5 19. Rdg1 f4 20. Bxf4 Rxf4 21. Qxf4 Qf6 22. Qxf6 Bxf6 23. Ne2 Bb7 24. c3 Re8 25. Ng3 Bc8 26. Nh5 Rf8 27. Kd2 Bd7 28. Ke3 Be8 29. Nf4 Bf7 30. Nh3 Bg6 31. Nhg5+ Kh8 32. Ne6 Re8 33. Rxg6 Rxe6 34. e5 Re7 35. Rhg1 dxe5 36. Rxg8+ Kh7 37. dxe5 Bxe5 38. Nxe5 1-0

[Event "Nova Gorica op-A 20th"]
[Site "Nova Gorica"]
[Date "2015.01.30"]
[Round "1"]
[White "Jelen, Igor"]
[Black "Belardinelli, Franco"]
[Result "1-0"]
[WhiteElo "2422"]
[BlackElo "1877"]
[PlyCount "119"]
[EventDate "2015.01.30"]
[EventType "swiss"]
[EventRounds "9"]
[EventCountry "SLO"]
[SourceTitle "CBM 164 Extra"]
[Source "ChessBase"]
[SourceDate "2015.03.02"]
[SourceVersion "1"]
[SourceVersionDate "2015.03.02"]
[SourceQuality "1"]

1. d4 d5 2. c4 e5 3. dxe5 d4 4. Nf3 Nc6 5. g3 Nge7 6. Bg2 Ng6 7. Bg5 Qd7 8. 0-0 Ngxe5 9. Nbd2 h6 10. Bf4 Ng6 11. Nb3 Nxf4 12. gxf4 Bd6 13. Nfxd4 Nxd4 14. Qxd4 Qg4 15. e3 0-0 16. Kh1 Be7 17. Rg1 Bf6 18. Qc5 Qh4 19. Qxc7 Be6 20. Nd2 g6 21. Raf1 Rfd8 22. Nf3 Qh5 23. Ne5 Rd2 24. b3 Rad8 25. Qxb7 Bxe5 26. fxe5 Rxa2 27. Qe4 Rdd2 28. Bf3 Qf5 29. Qxf5 Bxf5 30. Bd5 Kf8 31. Kg2 Bd3 32. Ra1 Rxf2+ 33. Kg3 Rxh2 34. Rxa2 Rxa2 35. Rc1 Ke7 36. c5 Rc2 37. Ra1 a6 38. b4 Bb5 39. e4 Rc3+ 40. Kf2 h5 41. Rh1 Ra3 42. Rc1 Bd7 43. Bb7 Kd8 44. c6 Bc8 45. c7+ Kd7 46. Bd5 Ke7 47. Rc6 Ra4 48. Rf6 Rxb4 49. Rxf7+ Ke8 50. e6 Rb2+ 51. Ke3 Rc2 52. Rh7 h4 53. Rh8+ Ke7 54. Rxc8 h3 55. Kd3 h2 56. Rh8 Rxc7 57. Rxh2 Kf6 58. Kd4 g5 59. Rf2+ Kg6 60. Ke5 1-0

[Event "Balatonalmadi Pannonia Cup 18th"]
[Site "Balatonalmadi"]
[Date "2013.07.27"]
[Round "5"]
[White "Belardinelli, Franco"]
[Black "Gyorfi, Norbert"]
[Result "0-1"]
[WhiteElo "1906"]
[BlackElo "1773"]
[PlyCount "120"]
[EventDate "2013.07.24"]
[EventType "swiss"]
[EventRounds "7"]
[EventCountry "HUN"]
[SourceTitle "EXT 2016"]
[Source "ChessBase"]
[SourceDate "2015.10.08"]
[SourceVersion "1"]
[SourceVersionDate "2015.10.08"]
[SourceQuality "1"]

1. e4 Nf6 2. Nc3 d5 3. e5 d4 4. exf6 dxc3 5. fxg7 cxd2+ 6. Qxd2 Qxd2+ 7. Bxd2 Bxg7 8. 0-0-0 Nc6 9. Bc4 Bg4 10. f3 Bf5 11. Ne2 h6 12. Ng3 Bg6 13. Bb5 0-0 14. Bxc6 bxc6 15. Rhe1 Rab8 16. b3 e6 17. Ne4 Rb5 18. c4 Re5 19. Bf4 Ra5 20. a4 e5 21. Bd2 Ra6 22. Bc3 Rb8 23. Kc2 Rab6 24. Rb1 f5 25. Nd2 f4+ 26. Ne4 Kf7 27. Ba5 R6b7 28. Red1 Ke6 29. Rd3 Bf8 30. Be1 Bb4 31. Bf2 a5 32. Rbd1 Rg8 33. g4 Rbb8 34. h3 h5 35. Rg1 hxg4 36. hxg4 Rh8 37. Kd1 Rh2 38. Ke2 Bxe4 39. fxe4 Bc5 40. Rf3 Rxf2+ 41. Rxf2 Rxb3 42. Rff1 Bxg1 43. Rxg1 Re3+ 44. Kf2 Rxe4 45. Rh1 Rxc4 46. Rh6+ Kd5 47. g5 Rc2+ 48. Kf1 Rc3 49. Rh8 Rg3 50. Rg8 c5 51. g6 Ke4 52. g7 c4 53. Ke2 f3+ 54. Kd2 c3+ 55. Kc2 Ke3 56. Re8 Rxg7 57. Rxe5+ Kf2 58. Kxc3 Kg1 59. Re1+ Kg2 60. Kd2 f2 0-1

[Event "Balatonalmadi Pannonia Cup 18th"]
[Site "Balatonalmadi"]
[Date "2013.07.27"]
[Round "6"]
[White "Karacsonyi, Gellert"]
[Black "Belardinelli, Franco"]
[Result "1-0"]
[WhiteElo "1712"]
[BlackElo "1906"]
[PlyCount "67"]
[EventDate "2013.07.24"]
[EventType "swiss"]
[EventRounds "7"]
[EventCountry "HUN"]
[SourceTitle "EXT 2016"]
[Source "ChessBase"]
[SourceDate "2015.10.08"]
[SourceVersion "1"]
[SourceVersionDate "2015.10.08"]
[SourceQuality "1"]

1. e4 c5 2. Nf3 d6 3. d4 cxd4 4. Nxd4 Nf6 5. Nc3 g6 6. Be3 Bg7 7. f3 0-0 8. Qd2 Nc6 9. Bc4 Bd7 10. 0-0-0 Rc8 11. Bb3 Ne5 12. h4 Nc4 13. Bxc4 Rxc4 14. Nb3 b5 15. Bh6 b4 16. Nd5 Nxd5 17. Bxg7 Kxg7 18. exd5 Bf5 19. Nd4 Qe8 20. g4 Bd7 21. h5 Rh8 22. hxg6 hxg6 23. Nb3 f6 24. Qg2 Qg8 25. Rxh8 Qxh8 26. Qe2 Qc8 27. Qxe7+ Kg8 28. Rd2 Qe8 29. Qxf6 Qe3 30. Qxg6+ Kf8 31. Qxd6+ Ke8 32. Qg6+ Kd8 33. Qg8+ Be8 34. d6 1-0

[Event "Balatonalmadi Pannonia Cup 18th"]
[Site "Balatonalmadi"]
[Date "2013.07.25"]
[Round "2"]
[White "Kovacs, Ivan"]
[Black "Belardinelli, Franco"]
[Result "0-1"]
[WhiteElo "1621"]
[BlackElo "1906"]
[PlyCount "80"]
[EventDate "2013.07.24"]
[EventType "swiss"]
[EventRounds "7"]
[EventCountry "HUN"]
[SourceTitle "EXT 2016"]
[Source "ChessBase"]
[SourceDate "2015.10.08"]
[SourceVersion "1"]
[SourceVersionDate "2015.10.08"]
[SourceQuality "1"]

1. Nf3 c5 2. c4 Nc6 3. d4 cxd4 4. Nxd4 g6 5. Nc3 Bg7 6. e3 Nf6 7. Be2 0-0 8. 0-0 d6 9. h3 Bd7 10. Nf3 Rc8 11. a3 Na5 12. Nd2 Be6 13. b3 d5 14. Nb5 a6 15. Nd4 Bd7 16. Bb2 Re8 17. Rc1 Nc6 18. cxd5 Nxd5 19. Nxc6 Bxc6 20. Bxg7 Kxg7 21. Qc2 Kg8 22. Qb2 Qd7 23. Rfd1 Red8 24. Nc4 Qe6 25. Bg4 f5 26. Be2 Be8 27. Bf3 b5 28. Ne5 Nf6 29. Rxc8 Rxd1+ 30. Bxd1 Qxc8 31. Bf3 Qc5 32. b4 Qd6 33. Qb3+ Kg7 34. Qc3 Kf8 35. Nd3 Bf7 36. Nf4 e5 37. Qc6 Qxc6 38. Nxg6+ hxg6 39. Bxc6 Bd5 40. Bxd5 Nxd5 0-1

[Event "Nova Gorica op-A 18th"]
[Site "Nova Gorica"]
[Date "2013.01.26"]
[Round "2"]
[White "Zamar Kodelja, Jurij"]
[Black "Belardinelli, Franco"]
[Result "1-0"]
[WhiteElo "1783"]
[BlackElo "1905"]
[PlyCount "113"]
[EventDate "2013.01.25"]
[EventType "swiss"]
[EventRounds "9"]
[EventCountry "SLO"]
[SourceTitle "CBM 152 Extra"]
[Source "ChessBase"]
[SourceDate "2013.02.25"]
[SourceVersion "1"]
[SourceVersionDate "2013.02.25"]
[SourceQuality "1"]

1. d4 d5 2. c4 e5 3. e3 dxc4 4. Bxc4 exd4 5. exd4 Nf6 6. Nf3 Bd6 7. 0-0 0-0 8. Bg5 h6 9. Bh4 Bg4 10. Qb3 Nc6 11. Nbd2 Na5 12. Qc2 Nxc4 13. Qxc4 g5 14. Bg3 Bxg3 15. fxg3 Be6 16. Qd3 c6 17. h4 Ng4 18. hxg5 hxg5 19. Rae1 c5 20. Rxe6 fxe6 21. Qg6+ Kh8 22. Qh5+ Kg7 23. Qxg4 Qd5 24. Nxg5 Rxf1+ 25. Kxf1 Qf5+ 26. Qxf5 exf5 27. Ne6+ Kf6 28. Nxc5 Rc8 29. Ke2 b6 30. Nd3 Rg8 31. Nf4 Rc8 32. Kd3 Kg5 33. a4 Kg4 34. Ne2 Rh8 35. Nf3 Kh5 36. d5 Kg6 37. Kd4 Kf6 38. Nf4 Rh1 39. Nh4 Rb1 40. Nh5+ Kg5 41. Ng7 f4 42. Ne6+ Kg4 43. Nxf4 Kxg3 44. Nhg6 Kg4 45. Kc3 Kf5 46. Kc2 Re1 47. d6 Re8 48. g4+ Kxg4 49. d7 Rd8 50. Nf8 Kf5 51. N4e6 Rxd7 52. Nxd7 Kxe6 53. Nb8 a5 54. Nc6 Kd5 55. Ne7+ Kc5 56. Kb3 Kd6 57. Kc4 1-0

[Event "Nova Gorica op-A 17th"]
[Site "Nova Gorica"]
[Date "2012.02.01"]
[Round "8"]
[White "Belardinelli, Franco"]
[Black "Znidaric, Anze"]
[Result "0-1"]
[WhiteElo "1915"]
[BlackElo "1713"]
[PlyCount "60"]
[EventDate "2012.01.27"]
[EventType "swiss"]
[EventRounds "9"]
[EventCountry "SLO"]
[SourceTitle "CBM 146 Extra"]
[Source "ChessBase"]
[SourceDate "2012.02.29"]
[SourceVersion "1"]
[SourceVersionDate "2012.02.29"]
[SourceQuality "1"]

1. e4 c5 2. Nf3 d6 3. d4 cxd4 4. Nxd4 Nf6 5. Nc3 a6 6. Bg5 e6 7. f4 Be7 8. Qf3 Qc7 9. 0-0-0 Nbd7 10. g4 b5 11. Bxf6 Nxf6 12. g5 Nd7 13. f5 Nc5 14. f6 gxf6 15. gxf6 Bf8 16. a3 Bb7 17. Bh3 0-0-0 18. b4 Nd7 19. Ndxb5 axb5 20. Nxb5 Bh6+ 21. Kb2 Ne5 22. Qh5 Qb6 23. a4 Bf4 24. Rhf1 Ng6 25. Qe2 Ba6 26. c4 Bxb5 27. cxb5 Kb8 28. Rf3 Rc8 29. Qf2 Qxf2+ 30. Rxf2 Rc4 0-1

[Event "Nova Gorica op-B 14th"]
[Site "Nova Gorica"]
[Date "2009.02.05"]
[Round "7"]
[White "Belardinelli, Franco"]
[Black "Ursic, Mateja"]
[Result "0-1"]
[WhiteElo "1949"]
[BlackElo "2085"]
[PlyCount "80"]
[EventDate "2009.01.31"]
[EventType "swiss"]
[EventRounds "9"]
[EventCountry "SLO"]
[SourceTitle "EXT 2011"]
[Source "ChessBase"]
[SourceDate "2010.11.26"]
[SourceVersion "1"]
[SourceVersionDate "2010.11.26"]
[SourceQuality "1"]

1. e4 e5 2. Nf3 Nc6 3. Bc4 Bc5 4. c3 Nf6 5. d4 exd4 6. cxd4 Bb4+ 7. Nc3 Nxe4 8. 0-0 Bxc3 9. d5 Bf6 10. Re1 Ne7 11. Rxe4 d6 12. Qe2 0-0 13. Bg5 Ng6 14. Bxf6 Qxf6 15. Re1 Bf5 16. Rd4 h5 17. h3 Bd7 18. Qc2 Bxh3 19. Bd3 Bg4 20. Rxg4 hxg4 21. Nh2 Ne5 22. Rxe5 Qxe5 23. Nxg4 Qe1+ 24. Kh2 Qe7 25. Ne3 g6 26. g3 Kg7 27. Ng4 Qe1 28. Kg2 Rh8 29. Bf1 Rae8 30. Qd3 Qe4+ 31. f3 Qxd3 32. Bxd3 f5 33. Nf2 c6 34. Bc4 b5 35. Bf1 Rc8 36. dxc6 Rxc6 37. Bxb5 Rc2 38. b3 Rxa2 39. f4 Rc8 40. Kf3 Rc3+ 0-1